Factores vinculados al manejo de aulas o de grupos en los estudiantes de Séptimo Grado del Nivel Básico Tanda Matutina de la Escuela Genaro Pérez del Distrito Educativo 08-03 de Santiago de los Caballeros, República Dominicana. Año Escolar 2011-2012 (Record no. 389)

MARC details
000 -LEADER
campo de control de longitud fija 02885nam a2200577Ia 4500
001 - NÚMERO DE CONTROL
campo de control 423
008 - DATOS DE LONGITUD FIJA--INFORMACIÓN GENERAL
campo de control de longitud fija 241029s9999 xx 000 0 und d
010 ## - NÚMERO DE CONTROL DE LA BIBLIOTECA DEL CONGRESO
Número de control de LC 389
041 ## - CÓDIGO DE IDIOMA
Código de lengua del texto/banda sonora o título independiente Español
082 ## - NÚMERO DE LA CLASIFICACIÓN DECIMAL DEWEY
Número de clasificación MGC12-003
245 #0 - MENCIÓN DEL TÍTULO
Título Factores vinculados al manejo de aulas o de grupos en los estudiantes de Séptimo Grado del Nivel Básico Tanda Matutina de la Escuela Genaro Pérez del Distrito Educativo 08-03 de Santiago de los Caballeros, República Dominicana. Año Escolar 2011-2012
260 ## - PUBLICACIÓN, DISTRIBUCIÓN, ETC.
Lugar de publicación, distribución, etc. Santiago
300 ## - DESCRIPCIÓN FÍSICA
Extensión 115
520 ## - RESUMEN, ETC.
Sumario, etc. 36
520 ## - RESUMEN, ETC.
Sumario, etc. El objetivo general de este estudio fue analizar los factores que inciden en la disciplina escolar de los estudiantes  de Séptimo Grado del Nivel Básico Tanda Matutina de la Escuela Genaro Pérez del Distrito Educativo 08-03  de Santiago de los Caballeros. Este estudio tuvo un enfoque cuantitativo. Fue transversal, ya que su delimitación hace corte, tanto en el espacio como por realizarse en Séptimo Grado del Nivel Básico.  La población del estudio correspondió al director del centro educativo, 18 docentes y 77 estudiantes de Séptimo Grado del Nivel Básico.La técnica implementada para la recolección de datos fue la encuesta y el cuestionario.El estudio encontró que los factores socio-familiares que inciden directamente en la disciplina que presentan los estudiantes son, medio ambientales, socio-educativos, así como la falta de valores, la poca dedicación de los padres, la carencia de respeto y responsabilidad.  Otro hallazgo fundamental que sobresalió como factor externo de la problemática fue la falta de motivación que sienten los alumnos(as) producto de la poca participación de los padres en las actividades escolares.
630 ## - PUNTO DE ACCESO ADICIONAL DE MATERIA--TÍTULO UNIFORME
Título uniforme Acompañamiento Escolar
630 ## - PUNTO DE ACCESO ADICIONAL DE MATERIA--TÍTULO UNIFORME
Título uniforme Actitud de los Docentes
630 ## - PUNTO DE ACCESO ADICIONAL DE MATERIA--TÍTULO UNIFORME
Título uniforme Adaptación Estudiantil
630 ## - PUNTO DE ACCESO ADICIONAL DE MATERIA--TÍTULO UNIFORME
Título uniforme Competencia Pedagógica
630 ## - PUNTO DE ACCESO ADICIONAL DE MATERIA--TÍTULO UNIFORME
Título uniforme Enseñanza-Aprendizaje
650 ## - PUNTO DE ACCESO ADICIONAL DE MATERIA--TÉRMINO DE MATERIA
Término de materia o nombre geográfico como elemento de entrada Competencias Educativas
690 ## - PUNTO DE ACCESO ADICIONAL DE MATERIA LOCAL--TÉRMINO DE MATERIA (OCLC, RLIN)
Término de materia o nombre geográfico como elemento inicial Elaborado
700 ## - ENTRADA AGREGADA--NOMBRE PERSONAL
Término indicativo de función/relación asesor
Nombre de persona Mencía , Pedro
700 ## - ENTRADA AGREGADA--NOMBRE PERSONAL
Término indicativo de función/relación autor
Nombre de persona Persia, Carmen Ana Altagracia
700 ## - ENTRADA AGREGADA--NOMBRE PERSONAL
Término indicativo de función/relación autor
Nombre de persona Espinal, Alialys
901 ## - ELEMENTOS DE DATOS A LOCAL LDA (RLIN)
a {"1":" Persia","2":"Espinal"}
b {"1":"Carmen Ana Altagracia","2":"Alialys"}
902 ## - ELEMENTOS DE DATOS B LOCAL, LDB (RLIN)
a 1
903 ## - ELEMENTOS DE DATOS C LOCAL, LDC (RLIN)
a {"1":"Mencía "}
b {"1":"Pedro"}
904 ## - ELEMENTOS DE DATOS D LOCAL, LDD (RLIN)
a Magíster en
905 ## - ELEMENTOS DE DATOS E LOCAL, LDE (RLIN)
a Educación
906 ## - ELEMENTOS DE DATOS F LOCAL, LDF (RLIN)
a 1
907 ## - ELEMENTOS DE DATOS G LOCAL, LDG (RLIN)
a Mención en
908 ## - COLOCAR PARÁMETRO DE COMANDO (RLIN)
Colocar parámetro de comando Gestión de Centros Educativos
909 ## -
-- Universidad Abierta para Adultos (UAPA), Recinto Santiago
910 ## - DATOS DE OPCIÓN DEL USUARIO (OCLC)
Datos de opción del usuario NULL
-- NULL
911 ## - EQUIVALENCIA O REFERENCIA-CRUZADA-NOMBRE DE CONFERENCIA O REUNIÓN/CONGRESO [LOCAL, CANADÁ]
Nombre de congreso/reunión o jurisdicción como elemento de entrada ["1"]
912 ## -
-- NO APLICA
913 ## -
-- NULL
914 ## -
-- 01 de Septiembre de 2012
915 ## -
-- 29/07/19 09:07
916 ## -
-- NULL
917 ## -
-- NULL
918 ## -
-- NO APLICA
919 ## -
-- ["207","4","8","38","89"]
921 ## -
-- 11
922 ## -
-- 11
923 ## -
-- 0
924 ## -
-- NO APLICA
942 ## - ELEMENTOS DE ENTRADA SECUNDARIOS (KOHA)
Tipo de ítem Koha

No items available.

© 2024. Todos los Derechos Reservados. Desarrollado por IDEICE